Normal view
MARC view
- الالتزامات -- قوانين وتشريعات -- الاردن -- العقود -- (قانون مدني ) --الأردن
Entry Topical Term
001 - CONTROL NUMBER
- control field: 24970
003 - CONTROL NUMBER IDENTIFIER
- control field: JO-AjAnu
005 - DATE AND TIME OF LATEST TRANSACTION
- control field: 20230606074255.0
008 - FIXED-LENGTH DATA ELEMENTS
- fixed length control field: 230606|| aca||aabn | a|a d
040 ## - CATALOGING SOURCE
- Original cataloging agency: JO-AjAnu
- Transcribing agency: JO-AjAnu
150 ## - HEADING--TOPICAL TERM
- Topical term or geographic name entry element: الالتزامات -- قوانين وتشريعات -- الاردن -- العقود -- (قانون مدني ) --الأردن
670 ## - SOURCE DATA FOUND
- Source citation: Work cat.: (JO-AjAnu)12845: خاطر ، صبري حمد , author 24969, الغير عن العقد " دراسة في النظرية العامة للالتزام "